Planets in Alphabetical Order - Statistics

General Stats
  • This quiz has been taken 29 times
  • The average score is 8 of 8
Answer Stats
Answer % Correct
Earth
100%
Jupiter
96%
Mars
96%
Mercury
96%
Saturn
92%
Uranus
92%
Venus
92%
Neptune
88%
No matching quizzes found
Score Distribution
Percent of People with Each Score
Percentile by Number Answered
Your Score History
You have not taken this quiz